LEADER 00841cam0-2200313---450- 001 990005600730403321 005 20101004150230.0 035 $a000560073 035 $aFED01000560073 035 $a(Aleph)000560073FED01 035 $a000560073 100 $a19990604d1956----km-y0itay50------ba 101 0 $aita 102 $aIT 105 $aaf------001yy 200 1 $aMilano viscontea$fMaria Bellonci 210 $a[Torino]$cERI$d1956 215 $a145 p., [7] c. di tav.$cill.$d22 cm 225 1 $aSaggi$v17 610 0 $aMilano$aSec. 13.-15. 676 $a945.21104 700 1$aBellonci,$bMaria$f<1902-1986>$0163757 801 0$aIT$bUNINA$gRICA$2UNIMARC 901 $aBK 912 $a990005600730403321 952 $a945.211 BEL 1$bST. ARTE 4553$fFLFBC 959 $aFLFBC 996 $aMilano viscontea$9609183 997 $aUNINA